• 首页
  • 本馆介绍
  • 公告通知
  • 最新文献
  • 馆藏检索
  • 电子资源
  • 读者导购
  • 参考咨询
  • 我的图书馆
  • 登录
  • 详细信息显示
  • 放入我的书架
  • 预约/预借图书
  • 作者相关作品
  • 分类相关作品
  • 丛书相关作品
  • 出版社相关作品

书目信息

  • 表格格式
  • 工作单格式
  • 卡片格式
题名:
红楼梦与顺治皇帝的爱情故事
    
 
作者: 张国星 编
分册: 1  
出版信息: 沈阳   辽海出版社  2019.01
页数: 4册 (1401页)
开本: 23cm
丛书名:
单 册:
中图分类: I207.411 , K827=49
科图分类:
主题词: 《红楼梦》研究--《hong lou meng 》 yan jiu
电子资源:
ISBN: 978-7-80507-400-9
000 01185nam0 2200277 450
001 CAL Rt908-2616
005 20230307112728.36
010    @a978-7-80507-400-9@dCNY49.50
100    @a20200519d2019 em y0chiy0120 ea
101 0  @achi
102    @aCN@b210000
105    @ay z 000yd
106    @ar
200 1  @a红楼梦与顺治皇帝的爱情故事@Ahong lou meng yu shun zhi huang di de ai qing gu shi@f张国星等编@h1
205    @a第2版
210    @a沈阳@c辽海出版社@d2019.01
215    @a4册 (1401页)@d23cm
330    @a据历史记载, 董鄂妃是出了名的“贤良淑德”。每当顺治帝下朝后她总是亲自安排饮食, 就连顺治帝的起居都是她亲自打点, 并在顺治帝批阅奏折时她都是陪伴在左右嘘寒问暖。他们之间的情感除了有小夫妻的卿卿我我, 更多的是理性的互促互进。这也是董鄂妃进宫一月有余就被封为贤妃的理由。本书根据《红楼梦》故事, 索隐出顺治皇帝的爱情故事。
600  0 @a顺治帝,@Ashun zhi di@f1638-1661@x人物研究
606 0  @a《红楼梦》研究@A《hong lou meng 》 yan jiu
690    @aI207.411@v5
690    @aK827=49@v5
701  0 @a张国星@Azhang guo xing@4编
801  0 @aCN@bBJXHZP@c20230228
804    @a一, 343 ; 二, 345-702 ; 三, 703-1059 ; 四, 1061-1401
905    @b1401377-9@dI207.411@e1065:1=2@f3
    
    红楼梦与顺治皇帝的爱情故事/张国星等编.1.-第2版.-沈阳:辽海出版社,2019.01
    4册 (1401页);23cm
    
    
    ISBN 978-7-80507-400-9:CNY49.50
    据历史记载, 董鄂妃是出了名的“贤良淑德”。每当顺治帝下朝后她总是亲自安排饮食, 就连顺治帝的起居都是她亲自打点, 并在顺治帝批阅奏折时她都是陪伴在左右嘘寒问暖。他们之间的情感除了有小夫妻的卿卿我我, 更多的是理性的互促互进。这也是董鄂妃进宫一月有余就被封为贤妃的理由。本书根据《红楼梦》故事, 索隐出顺治皇帝的爱情故事。
●
相关链接 在E读中查询图书 在五车中查询图书 在当当中查询图书 在豆瓣中查询图书


正题名:红楼梦与顺治皇帝的爱情故事     索取号:I207.411/1065:1=2         预约/预借

序号 登录号 条形码 馆藏地/架位号 状态 备注
1 1401377   214013770   第一样本阅览室/ [索取号:I207.411/1065:1=2] 在馆    
2 1401378   214013789   第二借阅区/ [索取号:I207.411/1065:1=2] 在馆    
3 1401379   214013798   第二借阅区/ [索取号:I207.411/1065:1=2] 在馆    
唐山师范学院图书馆 欢迎您!
大连网信软件有限公司© 版权所有